Every 2022 Gubernatorial Loser - Statistics

General Stats
  • This quiz has been taken 30 times
  • The average score is 17 of 36
Answer Stats
Picture Hint Answer % Correct
D-Texas Beto O'Rourke
91%
D-Florida Charlie Crist
91%
R-Arizona Kari Lake
91%
D-Georgia Stacey Abrams
91%
R-Maine Paul LePage
82%
D-Nevada Steve Sisolak
82%
R-New York Lee Zeldin
73%
R-Pennsylvania Doug Mastriano
64%
D-South Carolina Joe Cunningham
64%
R-Michigan Tudor Dixon
64%
R-New Mexico Mark Ronchetti
55%
R-Wisconsin Tim Michels
55%
R-Oregon Christine Drazan
45%
R-Maryland Dan Cox
45%
R-Illinois Darren Bailey
45%
R-Hawaii Duke Aiona
45%
R-Massachusetts Geoff Diehl
45%
R-Connecticut Bob Stefanowski
36%
R-California Brian Dahle
36%
D-Arkansas Chris Jones
36%
R-Kansas Derek Schmidt
36%
D-South Dakota Jamie Smith
36%
D-Tennessee Jason Martin
36%
D-Ohio Nan Whaley
36%
R-Minnesota Scott Jensen
36%
D-Nebraska Carol Blood
27%
D-Iowa Deidre DeJear
27%
D-Oklahoma Joy Hofmeister
27%
D-Alaska Les Gara
27%
D-Alabama Yolanda Flowers
27%
R-Rhode Island Ashley Kalus
18%
D-Vermont Brenda Siegel
18%
R-Colorado Heidi Ganahl
18%
D-Idaho Stephen Heidt
18%
D-Wyoming Theresa Livingston
18%
D-New Hampshire Tom Sherman
18%
No matching quizzes found
Score Distribution
Percent of People with Each Score
Percentile by Number Answered
Your Score History
You have not taken this quiz